<?xml version="1.0" encoding="UTF-8"?>
<record
    xmlns:xsi="http://www.w3.org/2001/XMLSchema-instance"
    xsi:schemaLocation="http://www.loc.gov/MARC21/slim http://www.loc.gov/standards/marcxml/schema/MARC21slim.xsd"
    xmlns="http://www.loc.gov/MARC21/slim">

  <leader>00660nam a22001811  4500</leader>
  <controlfield tag="001">sa 68014266 </controlfield>
  <controlfield tag="003">DLC</controlfield>
  <controlfield tag="005">20260227112630.0</controlfield>
  <controlfield tag="008">711115s1932    ii b     b    00000 eng  </controlfield>
  <datafield tag="010" ind1=" " ind2=" ">
    <subfield code="a">sa 68014266 </subfield>
  </datafield>
  <datafield tag="050" ind1="0" ind2=" ">
    <subfield code="a">UG103</subfield>
    <subfield code="b">.M87</subfield>
  </datafield>
  <datafield tag="100" ind1="1" ind2="0">
    <subfield code="a">Murland, H. F.</subfield>
  </datafield>
  <datafield tag="245" ind1="0" ind2="0">
    <subfield code="a">Baillie-ki-paltan;</subfield>
    <subfield code="b">being a history of the 2nd Battalion, Madras Pioneers, formerly the IV Madras Pioneers, 1759-1930.</subfield>
  </datafield>
  <datafield tag="260" ind1="0" ind2=" ">
    <subfield code="a">Madras,</subfield>
    <subfield code="b">Published for the Regiment by Higginbothams,</subfield>
    <subfield code="c">1932.</subfield>
  </datafield>
  <datafield tag="300" ind1=" " ind2=" ">
    <subfield code="a">viii, 602 p.</subfield>
    <subfield code="b">maps. (part col., part fold.)</subfield>
    <subfield code="c">26 cm.</subfield>
  </datafield>
  <datafield tag="504" ind1=" " ind2=" ">
    <subfield code="a">Bibliography: p. 594-597.</subfield>
  </datafield>
  <datafield tag="610" ind1="1" ind2="0">
    <subfield code="a">India.</subfield>
    <subfield code="b">Army.</subfield>
    <subfield code="b">Corps of Madras Pioneers.</subfield>
    <subfield code="b">2d Battalion.</subfield>
  </datafield>
  <datafield tag="999" ind1=" " ind2=" ">
    <subfield code="c">85653</subfield>
    <subfield code="d">85653</subfield>
  </datafield>
</record>
